000 00462nam a2200181Ia 4500
003 GCL
008 140319s9999 xx 000 0 eng d
020 _a9625932623
040 _aGCL /
_cGCL
082 0 4 _a709.9393
_bB A
100 1 _aBEEK, STEVE VAN
245 1 0 _aTHE ARTS OF THAILAND /
_cBEEK, STEVE VAN
260 _a[S.N] :
_bPERIPLUS EDITIONS ،
_c1997
300 _a25 CM ؛
_c233 P
650 0 4 _aTHAILAND
650 0 4 _aART, THAILAND
942 _2ddc
_cBK
999 _c1856
_d1856